Statistiques concernant Culture Générale - Série 1825

Cliquez ici pour prendre le quiz!

Statistiques générales

  • Ce quiz a été pris 167 fois
  • Le résultat moyen est 5 sur 10

Statistiques - réponses

QuestionRéponse% Correct
A quel oiseau est associé le mot "empereur" ?manchot
86%
Complétez le titre du film de Marcel Pagnol : "la fille du ....puisatier
76%
Quel célèbre facteur prénommé Joseph Ferdinand, et dont le nom évoque un animal, (1836-1924) a passé 33 ans de sa vie à édifier un palais qui se nomme « Palais idéal » ? - voir photocheval
74%
Qu'appelle-t-on "bibi", accessoire vestimentaire féminin des années 50 ?chapeau
68%
On dit qu'un métier de tout repos est une ....sinécure
53%
Quel mot de quatre lettres désigne un cuir artificiel ?skaï
49%
Ce monument "Palais Idéal" a été classé Monument Historique. Il se trouve à Hauterives, dans le département de la ....Drôme
38%
Thaïs est un opéra de Jules ...Massenet
17%
Quelle rivière arrose la ville d'Evreux ?Iton
16%
Comment appelle-t-on le moment entre deux marées où le courant est nul ?étale
14%

Distribution des résultats

Percentile par nombre de réponses

% des personnes avec chaque résultat

Votre développement - résultats

Vous n’avez pas pris ce quiz